Neurology of the Ocular Muscles (Record no. 720)

000 -LEADER
fixed length control field 00665nam a22002297a 4500
003 - CONTROL NUMBER IDENTIFIER
control field OSt
005 - DATE AND TIME OF LATEST TRANSACTION
control field 20210421083023.0
008 - FIXED-LENGTH DATA ELEMENTS--GENERAL INFORMATION
fixed length control field 201218s1956 ||||| |||| 00| 0 eng d
040 ## - CATALOGING SOURCE
Original cataloging agency eng
Language of cataloging eng
Transcribing agency DLC
Modifying agency eng
041 ## - LANGUAGE CODE
Language code of text/sound track or separate title eng
080 ## - UNIVERSAL DECIMAL CLASSIFICATION NUMBER
Universal Decimal Classification number 616.8
Item number C-67
100 ## - MAIN ENTRY--PERSONAL NAME
9 (RLIN) 549
Personal name Cogan, G. David
245 ## - TITLE STATEMENT
Title Neurology of the Ocular Muscles
Statement of responsibility, etc. / by: Charles C. Thomas Publisher
250 ## - EDITION STATEMENT
Edition statement 2nd edition
260 ## - PUBLICATION, DISTRIBUTION, ETC.
Place of publication, distribution, etc. Springfield
Name of publisher, distributor, etc. Charles C. Thomas Publisher
Date of publication, distribution, etc. 1956
300 ## - PHYSICAL DESCRIPTION
Extent 297 p.
Other physical details ill.
650 #0 - SUBJECT ADDED ENTRY--TOPICAL TERM
9 (RLIN) 100
Topical term or geographic name entry element Neurology
650 #0 - SUBJECT ADDED ENTRY--TOPICAL TERM
9 (RLIN) 251
Topical term or geographic name entry element Ophthalmology
653 ## - INDEX TERM--UNCONTROLLED
Uncontrolled term ნევროლოგია
653 ## - INDEX TERM--UNCONTROLLED
Uncontrolled term ოფთალმოლოგია
942 ## - ADDED ENTRY ELEMENTS (KOHA)
Source of classification or shelving scheme
Koha item type Books
Edition 2
Holdings
Withdrawn status Lost status Source of classification or shelving scheme Damaged status Not for loan Permanent location Current location Date acquired Inventory number Total Checkouts Full call number Barcode Date last seen Price effective from Koha item type
          Ken Walker International University Ken Walker International University 12/18/2020 2239   616.8 C-67 2239 12/18/2020 12/18/2020 Books

Powered by Koha